| 000 | 004540000a22001810004500 | ||
|---|---|---|---|
| 003 | MACL | ||
| 005 | 20151018142509.0 | ||
| 008 | 151018b xxu||||| |||| 00| 0 eng d | ||
| 040 |
_aMACL _cMACL |
||
| 041 | _aEnglish | ||
| 082 | _a954/KHA | ||
| 100 |
_aKhanna, Meenakshi _915869 |
||
| 245 | _aCultural History Of Medieval India | ||
| 260 |
_bSocial Science Press _c2007 _aNew Delhi |
||
| 350 | _a230 | ||
| 650 |
_aHistory _915870 |
||
| 942 |
_cBK _k954 _2ddc |
||
| 999 |
_c8376 _d8376 |
||